ბათუმის შოთა რუსთაველის სახელმწიფო უნივერსიტეტის ბიბლიოთეკა

ექვსი წელი სპარსეთში (ბიბ.ჩანაწერი № 46892)

000 -LEADER
fixed length control field 00607nam a2200205Ia 4500
001 - CONTROL NUMBER
control field 13745
003 - CONTROL NUMBER IDENTIFIER
control field GE_BSU
008 - FIXED-LENGTH DATA ELEMENTS--GENERAL INFORMATION
fixed length control field 181216s||||||||xx |||||||||||||| ||und||
040 ## - CATALOGING SOURCE
Transcribing agency GE_BSU
080 ## - UNIVERSAL DECIMAL CLASSIFICATION NUMBER
Universal Decimal Classification number 94(55)
100 ## - MAIN ENTRY--PERSONAL NAME
Personal name ჭელიძე,ამბაკო
245 ## - TITLE STATEMENT
Title ექვსი წელი სპარსეთში
245 ## - TITLE STATEMENT
Statement of responsibility, etc. რედ.კ.ტაბატაძე
260 ## - PUBLICATION, DISTRIBUTION, ETC.
Place of publication, distribution, etc. თბილისი
260 ## - PUBLICATION, DISTRIBUTION, ETC.
Name of publisher, distributor, etc. მეცნიერება
260 ## - PUBLICATION, DISTRIBUTION, ETC.
Date of publication, distribution, etc. 1964
300 ## - PHYSICAL DESCRIPTION
Extent 130გვ.21სმ.
653 ## - INDEX TERM--UNCONTROLLED
Uncontrolled term ექვსი წელი სპარსეთში
942 ## - ADDED ENTRY ELEMENTS (KOHA)
Koha item type წიგნი
ეგზემპლარები
Withdrawn status Lost status Damaged status Not for loan Date acquired Barcode Date last seen Price effective from Koha item type
        2018-12-17 37112 2018-12-17 2018-12-17 წიგნი